Βιώσιμη διαχείριση αστικών στερεών αποβλήτων
Αποθηκεύτηκε σε:
| Κύριος συγγραφέας: | |
|---|---|
| Μορφή: | Βιβλίο |
| Γλώσσα: | Greek |
| Δημοσίευση: |
Θεσσαλονίκη :
Ζυγός,
2002
|
| Θέματα: | |
| Ετικέτες: |
Προσθήκη ετικέτας
Δεν υπάρχουν, Καταχωρήστε ετικέτα πρώτοι!
|
MARC
| LEADER | 00000cam a2200000 i 4500 | ||
|---|---|---|---|
| 001 | 1/44362 | ||
| 008 | 031104s2002 gre d | ||
| 020 | |a 960-8065-31-3 | ||
| 035 | |l 10071533 | ||
| 040 | |a GR-MY-UA |b gre |e aacr | ||
| 041 | 0 | |a gre | |
| 082 | 0 | |a 363.7285 | |
| 100 | 1 | |a Παναγιωτακόπουλος, Δημήτρης Χ., |d 1945- | |
| 245 | 1 | 0 | |a Βιώσιμη διαχείριση αστικών στερεών αποβλήτων / |c Δημήτριος Χ. Παναγιωτακόπουλος |
| 260 | |a Θεσσαλονίκη : |b Ζυγός, |c 2002 | ||
| 300 | |a 502 σ.; |b εικ.; |c 24 εκ. | ||
| 504 | |a Περιέχει ευρετήριο | ||
| 650 | 0 | 0 | |a Integrated solid waste management. |
| 650 | 0 | 0 | |a Refuse and refuse disposal. |
| 852 | |a INST |b LESVOS |e 20031104 |h 363.7285 ΠΑΝ |p 005100026744 |q 005100026744 |t BK |y 0 | ||
| 852 | |a INST |b LESVOS |e 20051007 |h 363.7285 ΠΑΝ |p 005100032756 |q 005100032756 |t BK |y 0 | ||
| 901 | |a BIBL1-2003-3 | ||
| 901 | |a BIBL1-2005-3 | ||
| 909 | |a Λ |b 106403 | ||
| 909 | |a Λ |b 123934 | ||
| 970 | |a ΤΖΑΦΕΡΗ |b ΕΥΑΓΓΕΛΙΑ |z 2003/11/04 | ||